Odbíjená : příručka pro školení rozhodčích III. a II. třídy /
Uložené v:
| Hlavný autor: | |
|---|---|
| Médium: | Kniha |
| Jazyk: | Czech |
| Vydané: |
Praha :
Sportovní a turistické nakladatelství,
1962.
|
| Vydanie: | 1. vyd. |
| Edícia: | Učební texty
řada A sv. 21a |
| ISBN: |
(brož.) |
| Fyzický popis: |
139 s. |
| Tagy: |
Pridať tag
Žiadne tagy, Buďte prvý kto otaguje tento záznam!
|
Titul je dostupný aj v ... 

MARC
| LEADER | 00000nam a2200000 a 4500 | ||
|---|---|---|---|
| 001 | 000137708 | ||
| 005 | 20100926120832.0 | ||
| 008 | 040101s1962 xr e czeod | ||
| 020 | |a (brož.) |c Kčs 6,90 | ||
| 040 | |a SVKKK |b slo |c SVKKK |e AACR2 | ||
| 041 | 0 | |a cze | |
| 044 | |a xr |c CZ | ||
| 245 | 0 | 0 | |a Odbíjená : |b příručka pro školení rozhodčích III. a II. třídy / |c Josef Polívka ... [et al.]. |
| 250 | |a 1. vyd. | ||
| 260 | |a Praha : |b Sportovní a turistické nakladatelství, |c 1962. | ||
| 300 | |a 139 s. | ||
| 366 | |e 1110 výt. | ||
| 490 | 1 | |a Učební texty |v řada A |v sv. 21a | |
| 700 | 1 | |a Polívka, Josef, |d 1917- |4 aut | |
| 830 | 0 | |a Učební texty |v řada A |v sv. 21a | |
| 910 | |a svkkk | ||
| 998 | |a BK | ||
| 090 | |g SCKHL |k Sklad Pribinova 3. posch. |a V.32971 |j 284286 |i 2720842869 |s Povinný výt. | ||
| 090 | |g SCKHL |k Sklad Pribinova 3. posch. |a V.59477 |j 293824 |i B202536 |4 Duplikát |s Návrh na vyradenie | ||